Brass Bands that have won the European Championships - Statistics

General Stats
  • This quiz has been taken 15 times
  • The average score is 31 of 46
Answer Stats
Hint Answer % Correct
2015 Black Dyke
100%
2012 Black Dyke
100%
2005 Black Dyke
100%
1995 Black Dyke
100%
1991 Black Dyke
100%
1990 Black Dyke
100%
1987 Black Dyke
100%
1985 Black Dyke
100%
1984 Black Dyke
100%
1983 Black Dyke
100%
1982 Black Dyke
100%
1979 Black Dyke
100%
1978 Black Dyke
100%
1992 Britannia Building Society
73%
2022 Cory Band
73%
2019 Cory Band
73%
2016 Cory Band
73%
2013 Cory Band
73%
2010 Cory Band
73%
2009 Cory Band
73%
2008 Cory Band
73%
1980 Cory Band
73%
1998 Brighouse & Rastrick
64%
1981 Brighouse & Rastrick
64%
2024 Brassband Treize Etoiles
55%
2023 Brassband Treize Etoiles
55%
2025 Brassband Willebroek
55%
2007 Brassband Willebroek
55%
2006 Brassband Willebroek
55%
1993 Brassband Willebroek
55%
2004 Yorkshire Building Society
55%
2003 Yorkshire Building Society
55%
2002 Yorkshire Building Society
55%
2001 Yorkshire Building Society
55%
2000 Yorkshire Building Society
55%
1999 Yorkshire Building Society
55%
1997 Yorkshire Building Society
55%
1996 Yorkshire Building Society
55%
2017 Eikanger-Bjørsvik Musikklag
45%
1989 Eikanger-Bjørsvik Musikklag
45%
1988 Eikanger-Bjørsvik Musikklag
45%
2018 Valaisia Brass Band
45%
2014 Brassband Bürgermusik Luzern
36%
2011 Manger Musikklag
27%
1986 Desford Colliery
18%
1994 Fairey
18%
No matching quizzes found
Score Distribution
Percent of People with Each Score
Percentile by Number Answered
Your Score History
You have not taken this quiz